000 00529nam a2200193 a 4500
001 1770805515143
003 YourLibrary
005 20260211155849.0
008 260211s2002##################000#0#eng##
020 _a9781843760023
082 0 4 _a333.7
_bLIS
100 1 _aList, John A.,
_eauthor.
245 1 0 _aRecent Advances in Environmental Economics :
260 _bEdward Elgar Publishing,
_c2002.
300 _a424 pages
650 0 _aBusiness & Economics.
942 _cENGLISH
040 _aYourLibrary
_beng
_cYourLibrary
999 _c611771
_d611771